000 00458nam a2200181Ia 4500
005 20250603145148.0
008 250603s9999 xx 000 0 und d
020 _a9781446294246
050 _aH 62 .F45/
100 _aFlick, Uwe
245 0 _aIntroducing research methodology : a beginner's guide to doing a research project
250 _a2nd ed.
260 _aCalifornia
260 _bSAGE
260 _c2015
650 _aCalifornia
942 _cBK
999 _c41056
_d41056